[Event "FRA-chT Gp-A"]
[Site "France"]
[Date "2003.04.05"]
[Round "6.8"]
[White "Bauer, Christian"]
[Black "Hauchard, Arnaud"]
[Result "1/2-1/2"]
[WhiteElo "2579"]
[BlackElo "2512"]
[Annotator "Lukacs,P"]
[PlyCount "65"]
[EventDate "2003.01.31"]
[EventType "team"]
[EventRounds "7"]
[EventCountry "FRA"]
[SourceTitle "CBM 095"]
[Source "ChessBase"]
[SourceDate "2003.07.25"]
[SourceVersion "1"]
[SourceVersionDate "2003.07.25"]
[SourceQuality "1"]
[WhiteTeam "Clichy"]
[BlackTeam "Paris NAO"]
[WhiteTeamCountry "FRA"]
[BlackTeamCountry "FRA"]

1. e4 e5 2. Bc4 Nf6 3. d3 Nc6 4. Nf3 Be7 5. O-O O-O 6. Re1 d6 7. a4 Kh8 (7...
Nd4 8. Nxd4 exd4 9. Nd2 $1 {- Macieja-Ivanchuk, FIDE World Cup-A 2002 CBM 92})
(7... Bg4 {- Fedorov-Potapov, RUS-chT 9th Ekaterinburg 2002 CBM 90}) (7... Be6
{- Mainka-Nenashev, Recklinhausser Schachtage 1998 CBM 67}) (7... h6 {/\
Nh7-Ng5 or Kh8, f5} 8. a5 {White wants to gain more space on the <<, although
it is hard to force a breakthrough there.} (8. Nbd2 Nh7 (8... Bg4 {In this P
structure this pin is useless.} 9. h3 Bh5 10. a5 {/\ a6} Nd4 11. g4 Nxf3+ 12.
Qxf3 Bg6 {The B is out of play here.} 13. a6 bxa6 14. Rxa6 $14 {
Karavaev-Yemelin, RUS-Team Smolensk 2000}) 9. c3 (9. Nf1 Ng5 10. Ne3 Nxf3+ 11.
Qxf3 Bg5 {This is the main idea, Black wants to exchange his passive B.} 12. c3
Kh8 13. Nf5 Bxc1 14. Raxc1 Qf6 15. Bd5 Be6 $11 {Bitman-Yandemirov, RUS Cup
Kstovo 1997}) 9... Bg5 10. Nxg5 Nxg5 (10... Qxg5 11. Nf1 $14 {^^}) 11. Nf1 Nh7
12. a5 a6 13. Ng3 Nf6 {Black has lost a lot of tempi in order to exchange his
passive B, and gave up the ^^.} 14. Qf3 $14 {Bellini-Acs, Hotel Agro, 1999 CBM
73}) (8. c3 Kh8 (8... Nh7 9. Be3 $5 (9. d4 Ng5 {Now Black can insert some
pressure on >< d4.} 10. Nxg5 Bxg5 11. dxe5 Nxe5 $11 {- Eismont-Yandemirov,
Russian Club Cup 1998 CBM 66}) 9... Kh8 10. a5 a6 {is the regular answer.} (
10... f5 {looks a bit premature:} 11. exf5 Bxf5 12. a6 b6 13. Bd5 Qe8 14. d4
Rd8 15. Nbd2 Nb8 16. dxe5 dxe5 17. Bb7 $14 {Bosboom-Romanishin, Tilburg 1993}))
9. a5 a6 {- 8.a5}) 8... a6 9. c3 (9. Nbd2 Nh7 (9... Be6 10. c3 Nh7 11. Nf1 Bxc4
12. dxc4 {This P structure is somewhat better for White because of the
pressure on >< d5.} Ng5 13. Bxg5 Bxg5 14. Qb3 Rb8 15. Nxg5 Qxg5 16. Ne3 $14 {
Barua-Gokhale, Goodricke 12th op 2001}) 10. Nf1 Ng5 11. Ne3 Be6 12. Bxe6 fxe6 {
This P structure is quite playable for Black.} 13. Nxg5 Bxg5 14. c3 Rb8 15. Qh5
{1/2:1/2 Anisimov-Yemelin, St.Petersburg-ch 2002}) 9... Nh7 {- Tkachiev,
V-Fressinet,L/Cap d'Agde 2002/CBM 92} (9... Kh8 10. Qb3 {This is another
benefit of a4-a5.} Qe8 {/\ Nh5, f5} 11. d4 Nh5 12. Nbd2 f5 13. dxe5 Nf4 $1 {
/\ Qg6} 14. exf5 (14. exd6 Qg6 15. g3 Bxd6 16. e5 Bc5 $44) 14... Bxf5 15. exd6
Qg6 16. g3 Bxd6 17. Nh4 Qh5 18. Bf1 Nd3 $44 {Sivokho-Yemelin, St.Petersburg-ch
2000})) 8. a5 (8. c3 Bg4 (8... Ng8) 9. h3 Bh5 10. Nbd2 {- Erenburg-Ganguly,
Wch U20 2002 CBM 91ext}) 8... a6 9. Nc3 $5 (9. c3 Ng8 10. d4 (10. Qb3 f5 11.
exf5 Rxf5 12. Nbd2 Nf6 13. Be6 Bxe6 14. Qxe6 Qd7 15. Qxd7 Nxd7 16. d4 exd4 17.
Nxd4 Re5 $11 {Tkachiev-Fressinet, Cap d'Agde KO rapid 2002}) 10... Bg4 (10...
exd4 {- Hossain-Ehlvest, Dhaka 1999 CBM 70}) 11. d5 (11. Be3 f5 12. exf5 exd4
13. cxd4 d5 14. Be2 Bxf5 15. Nc3 Nb4 16. Rc1 c6 17. Qa4 Nd3 18. Bxd3 Bxd3 19.
Bd2 Bd6 $11 {Degraeve-Ch Bauer, Antwerp 1998}) (11. dxe5 Nxe5 12. Be2 Bxf3 13.
Bxf3 Bg5 $11 {Vratonjic-Nestorovic, Nis 1994}) 11... Nb8 12. Nbd2 Bg5 13. h3 (
13. Qb3 Bxf3 14. Nxf3 Bxc1 15. Raxc1 Nd7 16. Qxb7 Rb8 17. Qc6 Rxb2 18. Qa4 Ngf6
19. Qa3 Qb8 20. h3 Re8 $11 {Macieja-Johannessen, Bermuda-A 2002}) 13... Bxf3
14. Nxf3 Bxc1 15. Rxc1 Nd7 16. b4 Ne7 $13 {Sermek-Mitkov, Pula zt 2000}) 9...
Ng8 {/\ f5, which is the main idea of this variation.} (9... Be6 10. Nd5) (9...
Bg4 10. h3) 10. Nd5 f5 11. c3 {White has to advance in the [+].} Bf6 (11...
fxe4 12. dxe4 Bg4 13. Be2 Nf6 {was also interesting.}) 12. b4 (12. exf5 Bxf5
$13) 12... f4 {Now Black has good attacking chances on the >>, if White will
not react immediately.} 13. d4 g5 $5 (13... Bg4 {attacking >< d4 comes into
consideration.} 14. Bb2 Bxf3 15. Qxf3 exd4 16. cxd4 Nxd4 (16... Bxd4 17. Bxd4
Nxd4 18. Qc3 Nc6 19. Bxa6 Rxa6 20. b5 Rxa5 21. Rxa5 Nxa5 22. Qxa5 c6 23. Qxd8
Rxd8 24. Nxf4 Nf6 $11) 17. Bxd4 Bxd4 18. Rac1 c6 19. Nc3 Qh4 $13) 14. dxe5 (14.
Nxf6 Qxf6 15. dxe5 Nxe5 {- 14.dxe5}) 14... Nxe5 15. Nxf6 Qxf6 16. Nxe5 dxe5 {
White has the ^^, but the position is fairly closed, and he has to defend
against an -> on the >>.} 17. Bb2 Ne7 18. Qh5 Bd7 19. Rad1 Rad8 20. Bb3 Qg6 21.
Qxg6 Nxg6 $11 {Even the _|_ is playable for Black.} 22. f3 Bc8 23. Kf2 Kg7 24.
Rxd8 Rxd8 25. Rd1 Rxd1 26. Bxd1 Kf6 27. Be2 Bd7 28. c4 Nf8 29. g3 Ne6 30. Bf1
c5 31. Bc3 Nd8 32. b5 Nf7 33. Bb2 1/2-1/2

[Event "USA-ch GpA"]
[Site "San Diego"]
[Date "2006.03.08"]
[Round "6"]
[White "Kudrin, Sergey"]
[Black "Onischuk, Alexander"]
[Result "0-1"]
[WhiteElo "2554"]
[BlackElo "2650"]
[Annotator "Lukacs,P"]
[PlyCount "92"]
[EventDate "2006.03.02"]
[EventType "swiss"]
[EventRounds "9"]
[EventCountry "USA"]
[SourceTitle "CBM 112"]
[Source "ChessBase"]
[SourceDate "2006.06.07"]
[SourceVersion "1"]
[SourceVersionDate "2006.06.07"]
[SourceQuality "1"]

1. e4 e5 2. Nf3 Nc6 3. Bc4 Nf6 4. d3 Be7 5. O-O O-O 6. Bb3 d6 7. c3 Na5 8. Bc2
c5 9. Re1 (9. a3 Nc6 10. b4 a6 11. h3 Re8 12. Re1 {- Tiviakov-Werle,
Leeuwarden 2005 CBM 110}) 9... Re8 {The position resembles to the quiet d3 Ruy
Lopez system without a6 and b5.} (9... Nc6 {- Souleidis-Van den Doel,
Bundesliga 2005 CBM 112}) 10. d4 {White opens up the position, the tempi do
not count!} (10. Nbd2 Bf8 11. Nf1 {is the quiet Ruy Lopez manoeuvre.} h6 12. h3
{/\ d4 defending against Bg4 as in the Ruy Lopez main line.} (12. d4 exd4 13.
cxd4 {is certainly met by} Bg4 14. d5 Bxf3 (14... b5 $6 {allows White to
consolidate his position.} 15. N1d2 (15. Ng3 $5) 15... g6 16. h3 Bxf3 17. Nxf3
Bg7 18. Rb1 b4 19. b3 Nd7 20. Bf4 Qb6 21. Bd3 $16 {Nevednichy-Skembris, Bad
Woerishofen 2002}) 15. gxf3 $36 (15. Qxf3 Nxd5 16. Bd2 Nb4 17. Bxb4 cxb4 18.
Ne3 $44)) 12... b5 (12... Nc6 $5) 13. d4 Qc7 14. b3 g6 15. d5 $14 {is very
similar to the Closed Ruy Lopez middlegames.} (15. a4 {The opening of the
position before finishing the development is a double-edged operation.} bxa4
16. Rxa4 Bd7 17. Ra1 exd4 18. cxd4 Nc6 19. e5 (19. d5 Nb4 20. Bb2 Bg7 $13 {
looks better than the Ruy Lopez Zaitsev main line.}) 19... dxe5 20. dxe5 Nxe5
21. Bb2 $1 Nxf3+ 22. Qxf3 Nh5 23. Be4 Rad8 24. Bd5 Bb5 $5 (24... Qf4 $11) 25.
g4 {missing the forceful} Rxe1 (25... Ng7 $2 {is too obedient!} 26. Ng3 Rxe1+
27. Rxe1 Ne8 $4 {This is the final blunder.} 28. Rxe8 $1 Rxe8 29. Qf6 {1-0
Malaniuk-Van der Sterren, Baku 1983}) 26. Rxe1 Qf4 $1 $15)) 10... exd4 11. cxd4
Bg4 $5 (11... Nc6 12. d5 Nb4 (12... Ne5 13. Nxe5 dxe5 14. Na3 $14 {is a better
P structure for White because of the strong d5 o^.}) 13. Ba4 Bd7 14. Bxd7 Nxd7
15. Na3 Bf6 16. Nc4 Nb6 17. Nxb6 Qxb6 18. a3 Na6 19. Bf4 $14) (11... cxd4 12.
Nxd4 $14) 12. d5 $6 (12. Ba4 $5 {deserved attention, here we see the
difference between this variation and the Ruy Lopez!} Nd7 (12... Bd7 13. Nc3
$14) 13. Nc3 $14) 12... Nd7 $1 {Now Black gets counterplay on the dark squares,
as in the 9.d4 Ruy Lopez.} 13. Nbd2 Bf6 14. Rb1 b5 15. h3 Bxf3 (15... Bh5 $5
16. g4 Bg6 17. b3 Rc8 {/\ c4}) 16. Nxf3 Nc4 17. Bd3 Rb8 {Black still has a
strong pressure against b2.} 18. a4 (18. Qe2 Qa5 $1 19. a4 (19. Bxc4 bxc4 20.
Qxc4 {White cannot accept the sacrifice because of} Ne5 $1 21. Qe2 Nxf3+ 22.
gxf3 Qxa2 $13) 19... a6 20. axb5 axb5 {- 18.a4}) 18... a6 19. axb5 axb5 20. Qe2
Qa5 21. Bxc4 bxc4 22. Bf4 Be5 $1 23. Bxe5 Nxe5 24. Nxe5 Rxe5 {The _|_ with the
heavy pieces gives Black excellent drawing chances, as usual.} 25. Qxc4 (25.
Ra1 Qb5 26. f4 Ree8 27. Rac1 Qxb2 28. Rxc4 Qxe2 29. Rxe2 f5 30. e5 Rb1+ 31. Kf2
Rd1 32. exd6 Rxe2+ 33. Kxe2 Rxd5 $11) 25... f5 $1 (25... Rxb2 26. Red1 $14) 26.
Qc3 (26. f4 Rb4) 26... Qxc3 (26... Qa2 $5 27. Ra1 Qxb2 28. Qxb2 Rxb2 $11) 27.
bxc3 Rxb1 28. Rxb1 Rxe4 {[%mdl 4096] The R _|_ is completely drawish, but
White slowly but surely worsens his own position.} (28... fxe4 29. c4) 29. Kf1
(29. Rb6 $1 Rc4 30. Rxd6 Rxc3 $11 {was the easiest draw.}) 29... Kf7 $1 (29...
Re5 30. c4 Re4 31. Rb6 Rxc4 32. Rxd6 Rd4 33. Rd7 h6 $11) 30. Rb7+ Kf6 31. Rd7
Ke5 {Now the black K became very active.} 32. Rxg7 Kxd5 33. Rxh7 $6 (33. g4 $1
{creating immediately a o^ was easier:} fxg4 (33... Kc4 34. f3) 34. hxg4 Kc4
35. f3 Re8 36. Rxh7 Kxc3 37. Kf2 $11) 33... Rc4 $1 {[#]} (33... Kc4 34. Rh6 d5
35. Rc6) 34. Rh5 $6 (34. Ke2 Rxc3 35. g4 Kd4 $5 (35... Ke4 36. f3+ Kf4 37. Rf7
Re3+ 38. Kd2 Kxf3 39. Rxf5+ $11) (35... fxg4 36. hxg4 Rc1 37. f4 c4 (37... Ke4
38. f5 Rc2+ 39. Ke1 Rg2 40. f6 Rg1+ 41. Kd2 Rg2+ $11 (41... Rxg4 $4 42. f7 Rg2+
(42... Rf4 43. Rh4) 43. Ke1 Rg1+ 44. Kf2 $18)) 38. Rd7 Rg1 39. g5 Ke6 40. Rc7
d5 41. Rc6+ Kf5 42. Kf3 Rf1+ 43. Ke3 $11) 36. g5 $1 Rc1 (36... Rc2+ $2 37. Kf3
Rc1 38. Kf4 c4 39. g6 Rg1 40. Kxf5 c3 41. Rc7 d5 42. h4 Kd3 43. h5 $18) 37. Rf7
$1 (37. Rd7 d5 38. g6 Rg1 39. g7 c4) (37. h4 Rg1) 37... Ke5 (37... Rg1 $2 38.
Rxf5 Ke4 (38... c4 39. Rf4+ $1 {/\ Rg4}) 39. Rf6 d5 40. f3+ Kd4 41. Rf4+ Ke5
42. Rg4 $18) 38. Re7+ Kd4 (38... Kf4 39. g6 Rg1 40. g7) 39. Rf7 $11) (34. g4 $1
{was again the clear-cut solution.} fxg4 35. Kg2 $1 $11) 34... Rxc3 35. Rxf5+
Ke4 36. Rf6 $1 (36. Rf8 $2 c4 $1 (36... d5 $2 37. Re8+ Kd3 (37... Kd4 38. h4 c4
39. h5) 38. g4 c4 39. g5 Rc1+ (39... Rb3 40. g6 Rb7 41. h4 c3 42. h5 c2 (42...
Rc7 $2 43. Re1 c2 44. h6 $18) 43. Rc8 Rg7 44. f4 Kd2 45. f5 $18) 40. Kg2 c3 41.
g6 c2 42. Rc8 $18) 37. Re8+ Kd4 $1 (37... Kd3 38. g4 Rc1+ 39. Kg2 c3 40. Rd8
$11) 38. g4 (38. h4 Rb3 39. h5 c3 40. Ke2 Rb2+ 41. Kd1 Rxf2 42. Rg8 d5 (42...
Rf4 43. Rg3) 43. Rg3 Kc4 44. h6 d4 $19) (38. Ke2 Rc2+ 39. Kf3 c3 40. Re4+ Kd3
41. Re3+ Kc4 42. Re4+ Kb3 43. Re8 Rd2 $19) 38... Rxh3 39. g5 Rh5 40. f4 c3 $19)
36... d5 {[#]} 37. h4 $2 {This is the final mistake, now in the P race Black
will be quicker.} (37. Re6+ Kd3 (37... Kd4 38. h4 $1 c4 39. h5 Rb3 (39... Rc1+
40. Re1) 40. h6 Rb7 41. g4 c3 (41... Kd3 42. g5 c3 43. Rc6 $1) 42. Ke2 Rb2+ 43.
Kf3 Rb7 44. g5 c2 45. Rc6 Rb3+ (45... Kd3 46. Rxc2 Kxc2 47. g6 $18) 46. Kg4 Rc3
47. h7 $18) 38. Re3+ $1 (38. g4 c4 39. g5 Rc1+ 40. Kg2 c3 41. g6 (41. Re3+ $2
Kd2 42. g6 Ra1 $1 (42... c2 $4 43. g7 Rg1+ 44. Kxg1 c1=Q+ 45. Kg2 Qc8 46. Rg3
Qg8 47. h4 $18) 43. g7 Ra8 $19) 41... Ra1 $1 (41... c2 42. Rc6 Ra1 43. f4 Ra6
44. g7 Rxc6 45. g8=Q c1=Q 46. Qxd5+ Ke2 (46... Ke3 47. Qe5+) 47. Qe4+ Kd1 48.
Qf3+ $11) 42. h4 (42. g7 Ra8 $1) 42... c2 43. Rc6 Ra4 $1 44. Rxc2 Kxc2 45. Kf3
(45. h5) 45... Ra7 46. h5 d4 47. h6 d3 48. g7 d2 $19) 38... Kc2 39. Re2+ Kb3
40. f4 $1 (40. Re8 d4) 40... d4 41. f5 Rc1+ 42. Kf2 d3 43. Rd2 c4 44. f6 Rc2
45. Ke3 Rc1 46. Rf2 Rc2 $11) (37. g4 $1 $11) 37... d4 $1 $19 {In the P race
not the quantity but the quality counts.} 38. h5 (38. f3+ Kd3 $1) 38... d3 $1
39. Ke1 Rc1+ 40. Kd2 Rc2+ 41. Kd1 (41. Ke1 c4 $19) 41... c4 42. h6 c3 43. Re6+
Kd5 44. Re5+ (44. h7 Ra2 $19) (44. Re3 Kc4 $19) 44... Kc4 45. Re4+ Kb3 46. Re3
(46. Rd4 Rxf2 47. Rxd3 Kb2 $19) 46... Rd2+ 0-1

[Event "EU-Cup 21st"]
[Site "Saint Vincent"]
[Date "2005.09.23"]
[Round "6.2"]
[White "Mamedov, Rauf"]
[Black "Tisdall, Jonathan D"]
[Result "1/2-1/2"]
[WhiteElo "2521"]
[BlackElo "2442"]
[Annotator "Lukacs,P"]
[PlyCount "43"]
[EventDate "2005.09.18"]
[EventType "team-swiss"]
[EventRounds "7"]
[EventCountry "ITA"]
[SourceTitle "CBM 110"]
[Source "ChessBase"]
[SourceDate "2006.01.31"]
[SourceVersion "1"]
[SourceVersionDate "2006.01.31"]
[SourceQuality "1"]
[WhiteTeam "Istanbul"]
[BlackTeam "Asker"]
[WhiteTeamCountry "TUR"]
[BlackTeamCountry "NOR"]

1. e4 e5 2. Nf3 Nc6 3. Bc4 Nf6 4. d3 Be7 5. O-O O-O 6. Bb3 d6 7. c3 Nd7 8. Bc2
{This looks a bit passive.} (8. d4 Bf6 (8... Na5 $143 $5 9. Bc2 c5 {is a
typical plan in the Ruy Lopez Chigorin Variation, but not here.} 10. Nbd2 $14 (
10. d5 {There is no need to hurry with this move.} b5 11. Nbd2 (11. b3 Nb6) (
11. a4 b4) 11... Nb6 12. b3 (12. b4 Nb7 13. a4 bxa4 14. Bxa4 Nxa4 15. Qxa4 {
1/2:1/2 Nunn-Gligoric, Plovdid 1983}) 12... f5 $132)) (8... Nf6 $143 {is just
a loss of two tempi.} 9. Nbd2 Bg4 10. d5 Nb8 11. h3 Bc8 {Black is not
bothering himself with tempi.} 12. Re1 Nbd7 13. Nf1 Ne8 14. Bc2 g6 15. Bh6 Ng7
16. g4 Nf6 17. Qd2 Kh8 18. Ng3 Ng8 19. Be3 b6 20. Kh2 Bd7 21. Rg1 $14 {
Minasian-Emms, Paris 1994}) (8... Nb6 9. h3 exd4 (9... Bf6 10. Re1 {- 8...Bf6}
(10. a4 a5 11. dxe5 Nxe5 12. Nxe5 dxe5 13. Be3 Bd7 14. Na3 Bc6 15. Qc2 {
1/2-1/2 Mencinger-Mikhalchishin, Ljubljana 1995})) 10. cxd4 (10. Nxd4 Nxd4 11.
cxd4 d5 $11) 10... d5 11. exd5 Nb4 12. Nc3 N4xd5 13. Re1 $14 {with a similar
position to the Petroff!}) 9. Re1 Nb6 (9... Re8 10. h3 a6 (10... Nf8 11. Ba4
Bd7 12. d5 Nb8 13. Bxd7 Nfxd7 14. c4 a5 15. Nc3 Na6 16. Rb1 g6 17. a3 $14 (17.
Qe2 Nac5 18. b3 Bg7 19. Qc2 c6 $13 {Bischoff-Smyslov, Luzern 1985})) 11. a4 Nf8
12. Na3 (12. a5 {gaining space on the << was the logical follow-up.}) 12... Bd7
13. Qd3 Ng6 14. Bd2 Qe7 15. Nc2 Qf8 16. a5 $14 {Savchenko-Shilin, Donetsk 2003}
) 10. h3 Re8 (10... exd4 $5 11. Nxd4 $1 (11. cxd4 d5 12. exd5 (12. e5 {closing
the position is not advisable here.} Be7 13. Bc2 Nb4) 12... Nxd5 13. Nc3 Be6
14. Ne4 {with Petroff type of motifs.}) 11... Bd7 $5 (11... Nxd4 12. cxd4 d5
13. e5 Be7 14. Bc2 {taking control over the vital /^ b1-h7.} (14. Nc3 {allows}
Bf5 {activating the "bad" B.}) 14... f5 $5 15. Nd2 Be6 16. Nb3 $14) 12. Be3 Re8
13. Nd2) 11. a4 a5 12. d5 Ne7 {White cannot play forthe typical King's Indian
advance c4-c5 easily because of the insertion of a4-a5.} 13. Na3 Ng6 14. Be3 {
(Yudasin-Mikhalchishin, Minsk 1985)} Bd7 $5 15. Nb5 Bxb5 16. axb5 Nf4 $13 {
Yudasin}) (8. Be3 Nc5 {This is White is waiting for.} (8... Bf6 9. d4 (9. Nbd2
Nc5 {Here this move is completely OK.} 10. Bc2 Ne6 11. h3 g6 12. b4 Bg7 13. Bb3
Kh8 14. a4 f5 $132 {Bologan-Gausel, Stavanger 1991}) 9... exd4 (9... Re8 10. d5
(10. Nbd2 exd4 11. cxd4 $14) 10... Ne7 11. c4 Ng6 12. Nc3 {Steering towards
Old-Indian setups.} Nh4 13. Ba4 $14 {Psakhis-Geller, SU-ch 1983}) (9... Na5 10.
Bc2 Nc4 11. Bc1 {At first sight it looks that Black has won some tempi, but
this manoeuvre brings no relief in the Ruy Lopez C91 either.} Re8 12. a4 (12.
d5 Nf8 13. Ba4 Re7 14. Bb5 Nb6 15. Re1 (15. a4 a6 16. Be2 a5 {and c4-c5 is not
so easy to execute, the dark squares are vulnerable.} 17. Be3 Ng6 18. Bxb6 cxb6
19. g3 Bh3 20. Re1 Rc7 21. Na3 $14 {Vasiukov-Geller, Moscow 1987}) 15... Ng6
16. Bf1 c6 17. c4 {looked more conequent.}) 12... a5 $5 (12... Nf8 13. b3 Nb6
14. a5 {gaining space on the <<.} Nbd7 15. Nbd2 Ng6 16. b4 a6 17. Nc4 $14 {
Pikula-Smagin, Biel 1996})) (9... Ne7 10. Nbd2 Ng6 11. Re1 Re8 12. Qc2 $14 (12.
Nf1 {leaves >< e4 unattended.} exd4 13. Bxd4 Nde5 14. Ne3 Be6 15. Nf5 Nc6 $13 {
U.Nielsen-Gausel, Gausdal 1990})) 10. cxd4 Na5 11. Bc2 c5 12. Nc3 cxd4 {
(Kosten-Hebden, London 1989)} (12... Nc4 13. Nd5 $14) 13. Bxd4 $14) (8... Nf6 {
looks paradox at first glance, but d5 is a big threat because the e3 B blocks
the e <->.} 9. h3 (9. Re1 d5 10. Bg5 dxe4 11. dxe4 h6 12. Bh4 Qxd1 13. Bxd1 Nd7
14. Bxe7 Nxe7 15. Nbd2 f6 16. Nc4 a5 17. Ne3 Nc5 $11 {Lamoureux-Emms, Oakham
1994}) 9... d5 10. Nbd2 h6 11. Re1 a6 12. a3 Be6 13. exd5 Nxd5 14. Nc4 Nxe3 {
(Kramnik-Emms, Gausdal 1992)} 15. Nxe3 $14) 9. Bxc5 $1 {This is the main idea.}
(9. Bc2 Bg4 10. b4 Ne6 11. Bb3 Bg5 12. Bxe6 Bxf3 13. Qxf3 fxe6 14. Qg4 Bxe3 15.
fxe3 Rxf1+ 16. Kxf1 Qf6+ $11 {Dounia-Geller, La Valetta 1980}) 9... dxc5 10.
Bd5 Bd6 11. Bxc6 bxc6 {Tripled pawns are usually not healthy, but >< d3 is
also weak, plus there is the ^^.} 12. Nbd2 (12. h3 f5 $14 {Yakovich} (12... Rb8
$5 13. Nbd2 Ba6 14. Qc2 f5 15. exf5 Rxf5 16. Rfe1 $16 {Yakovich-Geller, Sochi
1986})) 12... Ba6 13. Qc2 Re8 14. Rad1 Re6 15. Rfe1 Rg6 16. Nf1 Bc8 17. Ng3 Bg4
18. Re3 h5 19. h3 Bxh3 20. gxh3 h4 21. Kh2 hxg3+ 22. fxg3 Rh6 23. Rf1 $14 {
Kramnik-Meister, RUS-ch 1990}) (8. Re1 Bf6 9. Nbd2 (9. d4 {- 8.d4}) 9... Nc5
10. Bc2 Ne6 {Black is fighting for the dark squares, >< f4 is the target.} 11.
Nf1 Kh8 12. Ng3 g6 13. b4 a6 14. a3 Bg7 15. Bb2 (15. Bb3 $5) 15... Ng5 16. Nxg5
Qxg5 17. d4 f5 $13 {Gunnarsson-Gausel, Reykjavik 1998}) (8. Nbd2 Nc5 9. Bc2 Bf6
(9... Bg4 10. h3 Bh5 {Black is fighting against d4, but the B is not
well-placed here.} 11. Re1 Bf6 12. Nf1 d5 13. Ng3 Bg6 14. b4 dxe4 (14... Ne6
15. Bb3 $14) 15. dxe4 Ne6 16. a4 Re8 17. a5 a6 18. Ba4 $14 {Chandler-Geller,
Sochi 1982}) (9... f5 {is strongly countered by the central push} 10. d4 $1
Nxe4 11. Nxe4 fxe4 12. Bxe4 d5 13. Qb3 Be6 14. Nxe5 Na5 $1 15. Qa4 dxe4 16.
Qxa5 c5 17. Qxd8 Raxd8 18. Be3 $14) 10. Re1 {- 8.Re1} (10. Nc4 {runs into} d5
11. Ne3 Ne7 12. exd5 Nxd5 13. d4 exd4 14. Nxd4 c6 15. Nxd5 Qxd5 16. Be3 {
1/2-1/2 Ivanovic-Portisch, Manila 1990})) 8... Nb6 ({The main idea of White's
plan is that} 8... Nc5 $6 {is countered by} 9. d4 $14) 9. Re1 (9. d4 Bg4 $13)
9... f5 $132 {Here White can regret leaving the a2-g8 /^ deliberately.} 10. a4
(10. exf5 Bxf5 11. d4 {is the usual reaction in the [+].}) 10... f4 $5 {
Black's attacking chances on the >> are questionable.} (10... fxe4 $142 11.
dxe4 a5 {is a more reliable P structure for Black.} (11... Bg4 12. a5 Bxf3 13.
gxf3 Nd7 14. a6 $36) (11... Be6 $5 12. a5 Nc4 13. a6 b5 14. b3 Nb6 $13) 12. Be3
Bg4 13. Nbd2 Kh8 $13) 11. d4 (11. a5 Nd7) 11... Bg4 $6 {This allows the
further advance on the <<.} ({It was better to stop White by} 11... a5 $142 12.
Bb3+ Kh8 13. Na3 (13. h3 Qe8 $1 {/\ Qg6}) 13... Bg4 14. Nb5 Bf6 $13) 12. a5 Nd7
13. a6 $14 exd4 $1 14. axb7 (14. cxd4 Bxf3 15. gxf3 Rb8 16. axb7 {- 14.axb7})
14... Rb8 15. cxd4 (15. Ba4 Bxf3 16. gxf3 Nde5 $1 17. Kh1 d3 18. Bxc6 Nxc6 19.
Qxd3 Ne5 $44) 15... Bxf3 16. gxf3 (16. Qd3 $6 Kh8 $1 (16... Rxb7 17. e5 $1 $18)
(16... Bh5 17. Qc4+ $18) 17. gxf3 (17. e5 g6) 17... Nb4 $13) 16... Bf6 {[#]} (
16... Rxb7 17. Bb3+ Kh8 18. Bd5 Rb6 19. Nc3 {was also better for White, the
light-squared B dominates the board.} Bh4 20. Rf1 Bf6 21. Ne2 $14) 17. e5 $1
dxe5 18. Qd3 {with a double threat of Qxh7 and Qc4.} Nxd4 19. Qxh7+ Kf7 20. Be4
(20. Qg6+ $142 Kg8 21. Bd3 $1 {was not so easy to find.} Nxf3+ 22. Kh1 Ng5 23.
Bc4+ Nf7 (23... Kh8 24. Qh5+ Nh7 25. Bd3 $18) 24. Ra3 $16) 20... Rh8 21. Qg6+
Ke7 22. Nc3 {It is probably early for a draw but the position is fairly
complicated.} (22. b3 $5 Rh6 23. Ba3+ c5 24. Qg4 Qh8 $132) (22. Nc3 Rh6 23. Qg4
Qh8 $132) 1/2-1/2